Normal view
MARC view
- Sehr, Viktor
Entry Personal Name
001 - CONTROL NUMBER
- control field: 26960
003 - CONTROL NUMBER IDENTIFIER
- control field: IN-BhIIT
005 - DATE AND TIME OF LATEST TRANSACTION
- control field: 20260107165914.0
008 - FIXED-LENGTH DATA ELEMENTS
- fixed length control field: 260107|| aca||aabn | a|a d
040 ## - CATALOGING SOURCE
- Original cataloging agency: IN-BhIIT
- Transcribing agency: IN-BhIIT
100 ## - HEADING--PERSONAL NAME
- Personal name: Sehr, Viktor
670 ## - SOURCE DATA FOUND
- Source citation: Work cat.: (IN-BhIIT)15226: Andrist, Björn Author 26959, C++ High Performance, 2020.